British County by Picture - Statistics

General Stats
  • This quiz has been taken 39 times
  • The average score is 4 of 16
Answer Stats
Picture Answer % Correct
Greater/City of London
84%
Kent
66%
Isle of Wight
56%
Merseyside
41%
County Antrim
34%
North Yorkshire
34%
Bristol
19%
Devon
19%
Lincolnshire
19%
Cardiff
16%
City of Glasgow
16%
Highland
13%
Aberdeenshire
9%
Gwynedd
6%
County Down
3%
Dorset
0%
No matching quizzes found
Score Distribution
Percent of People with Each Score
Percentile by Number Answered
Your Score History
You have not taken this quiz